000 00961nam a2200277 a 4500
001 31198
003 BD-RjUL
005 20211209051654.0
008 140413r19491947nyu b 001 0 eng d
035 _a(BD-RjUL)31285
040 _aVCAV
_beng
_cVCAV
_dSSL
041 _aeng
082 1 4 _a153.72
_bSHP 1949
100 1 _aSherif, Muzafer,
_d1905-
_991983
245 1 4 _aThe psychology of ego-involvements, social attitudes & identifications /
_cby Muzafer Sherif, Hadley Cantril.
260 _aNew York :
_bJohn Wiley & Sons ;
_aLondon :
_bChapman & Hall, limited,
_c1947.
300 _aviii, 525 p. ;
_c24 cm.
500 _a"References" at end of each chapter except chapter 1.
504 _aIncludes bibliographical references and index.
650 0 _aSelf.
_994885
650 0 _aSocial psychology.
_994886
700 1 _aCantril, Hadley,
_d1906-1969.
_994887
942 _2ddc
_cBK
999 _c31198
_d31198